Морская геоморфология. Береговая зона: процессы, понятия, определения: терминологический справочник

Bibliographische Detailangaben
Weitere Verfasser: Зенкович В. П. (редактор), Попов Б. А.
Sprache:Russisch
Veröffentlicht: Москва, Мысль, 1980
Schlagworte:
Format: Buch
KOHA link:https://koha.lib.tpu.ru/cgi-bin/koha/opac-detail.pl?biblionumber=368569

MARC

LEADER 00000nam0a2200000 4500
001 368569
005 20231102012109.0
035 |a (RuTPU)RU\TPU\retro\25951 
090 |a 368569 
100 |a 20220414d1980 km y0rusy50 ca 
101 0 |a rus 
102 |a RU 
105 |a a g 001zy 
200 1 |a Морская геоморфология. Береговая зона: процессы, понятия, определения  |e терминологический справочник  |f под ред. В. П. Зенковича, Б. А. Попова 
210 |a Москва  |c Мысль  |d 1980 
215 |a 280 с.  |c ил. 
320 |a Библиогр.: с. 256-267 
320 |a Указатель терминов: с. 268-279 
606 1 |a Геоморфология  |2 stltpush  |3 (RuTPU)RU\TPU\subj\6207  |9 34142 
610 1 |a справочники 
610 1 |a термины 
610 1 |a моря 
610 1 |a морская геоморфология 
610 1 |a берега 
610 1 |a понятия 
610 1 |a определения 
675 |a 551.4(035)  |v 4 
702 1 |a Зенкович  |b В. П.  |4 340 
702 1 |a Попов  |b Б. А.  |4 340 
801 1 |a RU  |b 63413507  |c 20220414 
942 |c BK